Statistics for Словенски језици

Click here to take the quiz!

General Stats

  • This quiz has been taken 165 times
  • The average score is 8 of 10

Answer Stats

Изворни говорнициЈезик% Correct
19 милионаСрпскохрватски
100%
155 милионаРуски
94%
9 милионаБугарски
88%
30 милионаУкрајински
86%
2 милионаМакедонски
84%
40 милионаПољски
83%
10 милионаЧешки
81%
5,5 милионаСловачки
80%
7,6 милионаБелоруски
76%
2,1 милионаСловеначки
69%

Score Distribution

Percentile by Number Answered

Percent of People with Each Score

Your Score History

You have not taken this quiz